000 00506cam a22002174a 4500
005 20250605164325.0
008 250528s ||||||||||||||||||||||||d
035 _a22994
020 _a9780672322358
040 _aGR-AtMCL
_bgre
_dGR-AtMCL
_eAACR2
245 1 _aTEACH YOURSELF C WEB PROGRAMMING
250 _a1
260 _c2002
300 _a535
700 1 _aAitken Peter
_98584
700 1 _aSams
_97532
700 1 _aSyme Philip
_98585
942 _cBK
999 _c8035
_d8035